000 00884nam a2200265 i 4500
001 bg
100 1 _aTARANENKO, Viktor A.
245 1 0 _aĆwiczenia z projektowania procesów technologicznych części maszyn.
_nCz.1 /
_cWiktor Taranenko, Ewa Kwiatkowska, Tadeusz Hoszowski.
260 _aOpole :
_bPO. Oficyna Wydawnicza,
_c2004.
300 _a85 s. :
_bil. ;
_c24 cm.
490 1 _aSkrypt / Politechnika Opolska,
_x1427-9932 ;
_vnr 257
504 _aBibliogr., wykaz norm.
650 9 _aMaszyny
_xtechnologia
_xprojekty
655 _aPodręczniki akademickie
700 1 _aTARANENKO, Wiktor
700 1 _aKWIATKOWSKA, Ewa
700 1 _aHOSZOWSKI, Tadeusz
710 0 _aPolitechnika Opolska
830 0 _aSkrypt (Politechnika Opolska) ;
_vnr 257
040 _cBPK
041 0 _apol
080 _a621.01(075.8)
942 _cKS
008 s pl f |000 0 pol
999 _c45254
_d45254
856 _uhttp://koha.tu.koszalin.pl/cgi-bin/koha/opac-detail.pl?biblionumber=45254
_yKatalog online BPK